[Event "Ctopor Equipos de Aragon  Preferente II "]
[Site "?"]
[Date "2026.02.14"]
[Round "4.58"]
[White "Ania Chueca, Mario"]
[Black "Palasi Mainar, Miguel Angel"]
[Result "1-0"]
[WhiteElo "1891"]
[BlackElo "1877"]
[PlyCount "37"]
[GameId "2278988364347529"]
[EventDate "2026.01.24"]
[WhiteTeam "Aulazenter B"]
[BlackTeam "Agrupacion B"]

1. e4 c5 2. Nc3 Nc6 3. Bb5 g6 4. Bxc6 dxc6 5. d3 Bg7 6. f4 Nf6 7. Nf3 Bg4 8. O-O O-O 9. Be3 b6 10. Qe1 Bxf3 11. Rxf3 Qd7 12. f5 Ng4 13. Bf4 Qd4+ 14. Kh1 Be5 15. Qh4 Bxf4 16. Rxf4 Nf6 17. Re1 Nh5 18. Rg4 Qf6 19. Qxh5 1-0

[Event "Ctopor Equipos de Aragon  Preferente II "]
[Site "?"]
[Date "2026.02.14"]
[Round "4.59"]
[White "Casasnovas Sanchez, Raul"]
[Black "Morales Anadon, Javier"]
[Result "1/2-1/2"]
[WhiteElo "1776"]
[BlackElo "1841"]
[PlyCount "71"]
[GameId "2278988364351626"]
[EventDate "2026.01.24"]
[WhiteTeam "Agrupacion B"]
[BlackTeam "Aulazenter B"]

1. d4 e6 2. c4 Nf6 3. g3 d5 4. Nf3 Bd6 5. Bg2 Nc6 6. cxd5 exd5 7. O-O O-O 8. Nc3 h6 9. Nb5 Re8 10. Nxd6 Qxd6 11. Bf4 Qe7 12. Ne5 Be6 13. Nxc6 bxc6 14. Qc2 Bd7 15. Rfe1 Qb4 16. Be5 Ng4 17. Bxc7 Qxd4 18. e3 Qf6 19. h3 Ne5 20. Bxe5 Rxe5 21. Qc3 Qd6 22. Rac1 Ree8 23. Qc5 Qf6 24. Qc3 Qxc3 25. Rxc3 Rab8 26. b3 f5 27. Rd1 Rb4 28. a3 Rb6 29. b4 Kf7 30. Rc5 a6 31. Rd4 g6 32. h4 h5 33. Kf1 Kf6 34. Ke2 Rb5 35. Rxb5 axb5 36. Kd2 1/2-1/2

[Event "Ctopor Equipos de Aragon  Preferente II "]
[Site "?"]
[Date "2026.02.14"]
[Round "4.60"]
[White "Sancho Cortes, Miguel Angel"]
[Black "Romo Ramirez, Antonio"]
[Result "1-0"]
[WhiteElo "2023"]
[BlackElo "1968"]
[PlyCount "63"]
[GameId "2278988364359819"]
[EventDate "2026.01.24"]
[WhiteTeam "Iberajedrez Mundo 64 B"]
[BlackTeam "Teruel B"]

1. e4 c6 2. d4 g6 3. Be3 Bg7 4. Be2 d6 5. c3 Nf6 6. Nd2 O-O 7. a4 e5 8. dxe5 dxe5 9. Ngf3 Ng4 10. Bc5 Re8 11. Nc4 b6 12. Qxd8 Rxd8 13. Be7 Rd7 14. Bg5 f6 15. Bd2 Na6 16. b4 Bb7 17. h3 Nh6 18. Be3 Nc7 19. Nfd2 Rad8 20. Nb3 c5 21. bxc5 Bxe4 22. cxb6 Nd5 23. Nc5 Bxg2 24. Rh2 Re7 25. Rxg2 Nxc3 26. bxa7 Nf5 27. Nb6 Nxe3 28. fxe3 Rxa7 29. Bc4+ Kh8 30. Rc1 Rb8 31. Ncd7 Rbb7 32. Rxc3 1-0

[Event "Ctopor Equipos de Aragon  Preferente II "]
[Site "?"]
[Date "2026.02.14"]
[Round "4.61"]
[White "Navarro Remon, Mario"]
[Black "Jimenez Fernandez, Alejandro"]
[Result "1-0"]
[WhiteElo "1916"]
[BlackElo "1965"]
[PlyCount "76"]
[GameId "2278988364368012"]
[EventDate "2026.01.24"]
[WhiteTeam "Teruel B"]
[BlackTeam "Iberajedrez Mundo 64 B"]

1. d4 d5 2. Nf3 e6 3. Bf4 f5 4. e3 Nf6 5. Nbd2 Be7 6. c4 O-O 7. cxd5 exd5 8. Bd3 c6 9. O-O Ne4 10. Bxb8 Rxb8 11. Ne5 Bd6 12. f4 Bxe5 13. fxe5 Qg5 14. Rf3 Be6 15. b4 Bf7 16. Bxe4 dxe4 17. Rg3 Qe7 18. a3 h5 19. Qf1 h4 20. Rh3 Be6 21. g3 f4 22. gxf4 g5 23. Nxe4 g4 24. Qg2 Kh8 25. Rg3 hxg3 26. Qxg3 Rf5 27. Ng5 Rxg5 28. fxg5 Qxg5 29. Rf1 Kg7 30. Rf6 Bd5 31. h4 Qh5 32. Qf2 Bf3 33. Qa2 Re8 34. Qh2 Rh8 35. Qf4 Qxh4 36. Rf7+ Kg8 37. Rf8+ Kg7 38. Qf7+ Kh6 1-0

[Event "Ctopor Equipos de Aragon  Preferente II "]
[Site "?"]
[Date "2026.02.14"]
[Round "4.62"]
[White "Moreno Burillo, Marcos Antonio"]
[Black "Abancens Fernandez, Bernardo"]
[Result "1-0"]
[WhiteElo "1923"]
[BlackElo "1840"]
[PlyCount "80"]
[GameId "2278988364372109"]
[EventDate "2026.01.24"]
[WhiteTeam "Iberajedrez Mundo 64 B"]
[BlackTeam "Teruel B"]

1. d4 d5 2. c4 dxc4 3. e3 Nf6 4. Bxc4 e6 5. Nf3 a6 6. O-O c5 7. dxc5 Bxc5 8. Qxd8+ Kxd8 9. a3 Ke7 10. b4 Bd6 11. Bb2 Nbd7 12. Nbd2 b5 13. Bb3 Bb7 14. Nd4 Rac8 15. e4 Bf4 16. N2f3 Bxe4 17. a4 Bd6 18. axb5 axb5 19. Nxb5 Bxb4 20. Ne5 Nxe5 21. Bxe5 Bd3 22. Ra7+ Kf8 23. Bd6+ Bxd6 24. Nxd6 Rd8 25. Rxf7+ Kg8 26. Bxe6 Rxd6 27. Rxf6+ Rxe6 28. Rxe6 Bxf1 29. Re8+ Kf7 30. Rxh8 Bd3 31. Rb8 h5 32. Rb6 g6 33. f4 Bf5 34. h3 Kg7 35. Kf2 h4 36. Ke3 Kf7 37. Rb2 Kg8 38. Kd4 Kh8 39. Ke5 Kg8 40. Kf6 Be4 1-0

[Event "Ctopor Equipos de Aragon  Preferente II "]
[Site "?"]
[Date "2026.02.14"]
[Round "4.63"]
[White "Alonso Roche, Cesar"]
[Black "Barranco Castillo, Jose Antonio"]
[Result "1/2-1/2"]
[WhiteElo "1676"]
[BlackElo "1850"]
[PlyCount "119"]
[GameId "2278988364380302"]
[EventDate "2026.01.24"]
[WhiteTeam "Teruel B"]
[BlackTeam "Iberajedrez Mundo 64 B"]

1. e4 e6 2. f4 d5 3. d3 dxe4 4. dxe4 Qxd1+ 5. Kxd1 Nf6 6. Bd3 Ng4 7. Ke2 Bc5 8. Nf3 Nf2 9. Rf1 Nxd3 10. cxd3 Nc6 11. Be3 Be7 12. Nc3 Bd7 13. Nb5 O-O-O 14. Rfc1 a6 15. Nbd4 Kb8 16. Rc3 Nxd4+ 17. Bxd4 f6 18. Rac1 Rc8 19. e5 b6 20. Be3 Bb4 21. Rb3 c5 22. Rc4 a5 23. a3 Ba4 24. Rbxb4 axb4 25. axb4 Bb5 26. Rc1 Rhd8 27. Ne1 Rd5 28. exf6 gxf6 29. bxc5 bxc5 30. Rc3 Kb7 31. g3 e5 32. fxe5 fxe5 33. Kf3 Rf8+ 34. Ke2 e4 35. Bxc5 Re8 36. Kd2 exd3 37. Be3 Rde5 38. Ng2 Rh5 39. Rb3 Kc6 40. Rc3+ Kd7 41. Rb3 Ba6 42. Ra3 Re6 43. h4 Rhe5 44. Rb3 Rc6 45. Rc3 Rce6 46. Ra3 Re4 47. Ra5 Rc4 48. Rd5+ Kc6 49. Rxd3 Rb4 50. Rc3+ Kb7 51. b3 Rg4 52. Bf4 Re2+ 53. Kd1 Rxg2 54. Rc7+ Kb6 55. Rxh7 Bd3 56. Rh6+ Kb5 57. Rh5+ Kc6 58. Rg5 Rxg5 59. hxg5 Kd5 60. Ke1 1/2-1/2

[Event "Ctopor Equipos de Aragon  Preferente II "]
[Site "?"]
[Date "2026.02.14"]
[Round "4.64"]
[White "Muro Guerrero, Miguel"]
[Black "Lopez Caudevilla, David"]
[Result "0-1"]
[WhiteElo "2109"]
[BlackElo "2206"]
[PlyCount "134"]
[GameId "2278988364388495"]
[EventDate "2026.01.24"]
[WhiteTeam "Dr. Azua"]
[BlackTeam "Actur Rey Fernando"]

1. e4 c5 2. Nf3 Nc6 3. d4 cxd4 4. Nxd4 e5 5. Nb5 d6 6. N1c3 a6 7. Na3 b5 8. Nd5 Nge7 9. c3 Nxd5 10. Qxd5 Qc7 11. Be2 Be6 12. Qd3 d5 13. exd5 Rd8 14. Bf3 Bxa3 15. bxa3 Ne7 16. O-O Bxd5 17. Bxd5 Rxd5 18. Qf3 O-O 19. a4 Rfd8 20. axb5 axb5 21. Ba3 Ng6 22. Bb4 Rd3 23. Qe4 Qd7 24. g3 f5 25. Qe2 e4 26. a4 Ne5 27. axb5 Kh8 28. b6 f4 29. Qxe4 Nf3+ 30. Kg2 Ng5 31. Qxf4 Qh3+ 32. Kh1 Nf3 33. g4 g5 34. Qg3 Qh6 35. b7 Nxh2 36. Qxh2 Rh3 37. Bd6 Rxh2+ 38. Bxh2 Qc6+ 39. Kg1 Qxb7 40. Rad1 Re8 41. Rfe1 Rxe1+ 42. Rxe1 Qf3 43. Be5+ Kg8 44. Re3 Qxg4+ 45. Rg3 Qf5 46. Bd4 Kf7 47. Be3 h6 48. Bd4 h5 49. Kg2 Qe4+ 50. Kh2 g4 51. Re3 Qf4+ 52. Kg1 h4 53. Be5 Qc4 54. Bd4 Qc6 55. Kh2 Kg6 56. Kg1 Kf5 57. Kh2 Qd6+ 58. Kg2 Qb8 59. Re5+ Qxe5 60. Bxe5 Kxe5 61. f3 g3 62. Kg1 Kf4 63. c4 Kxf3 64. c5 h3 65. c6 g2 66. c7 Kg3 67. c8=Q h2# 0-1

[Event "Ctopor Equipos de Aragon  Preferente II "]
[Site "?"]
[Date "2026.02.14"]
[Round "4.65"]
[White "Perez Puyal, Jose Joaquin"]
[Black "Garcia Garcia, Enrique"]
[Result "1-0"]
[WhiteElo "1934"]
[BlackElo "1886"]
[PlyCount "85"]
[GameId "2278988364392592"]
[EventDate "2026.01.24"]
[WhiteTeam "Actur Rey Fernando"]
[BlackTeam "Dr. Azua"]

1. d4 Nf6 2. Nf3 e6 3. e3 c5 4. Bd3 b6 5. O-O Bb7 6. c4 cxd4 7. exd4 d5 8. cxd5 Nxd5 9. Ne5 Be7 10. Bb5+ Kf8 11. Qh5 g6 12. Bh6+ Kg8 13. Qf3 f5 14. Nc3 Bg5 15. Bxg5 Qxg5 16. Ne4 Qe7 17. Nc3 Nxc3 18. Qxc3 Na6 19. Bd7 Rd8 20. Bc6 Ba8 21. Qf3 Nc7 22. Bxa8 Rxa8 23. Qb7 Kg7 24. Rac1 Nd5 25. Qxe7+ Nxe7 26. Rc7 Kf6 27. f4 Rhc8 28. Rfc1 Rxc7 29. Rxc7 Rc8 30. Rxa7 Rc1+ 31. Kf2 Rc2+ 32. Kg3 Rxb2 33. Ra8 Nd5 34. Rf8+ Kg7 35. Rf7+ Kg8 36. Ra7 Rd2 37. Nf3 Rd3 38. h4 Nf6 39. Kf2 Nd5 40. g3 Rc3 41. Ng5 Rc2+ 42. Ke1 Rc7 43. Ra8+ 1-0

[Event "Ctopor Equipos de Aragon  Preferente II "]
[Site "?"]
[Date "2026.02.14"]
[Round "4.66"]
[White "Cajo Esteban, Ruben"]
[Black "Garcia Alvarez, Sergio"]
[Result "0-1"]
[WhiteElo "1829"]
[BlackElo "1865"]
[PlyCount "102"]
[GameId "2278988364400785"]
[EventDate "2026.01.24"]
[WhiteTeam "Dr. Azua"]
[BlackTeam "Actur Rey Fernando"]

1. d4 d5 2. Nf3 e6 3. c4 c5 4. cxd5 exd5 5. Bg5 Be7 6. Bxe7 Nxe7 7. Nc3 Nbc6 8. dxc5 d4 9. Ne4 O-O 10. a3 Qd5 11. Ned2 Qxc5 12. b4 Qd5 13. Nb3 Rd8 14. Nc5 b6 15. Nd3 Bg4 16. g3 Bxf3 17. exf3 Ng6 18. Be2 Nce5 19. O-O Rac8 20. Nxe5 Nxe5 21. f4 Nc4 22. Bxc4 Rxc4 23. Rc1 b5 24. Qd3 Rdc8 25. Rcd1 h6 26. Rfe1 Qd7 27. Qe4 Rd8 28. Rd3 h5 29. Red1 h4 30. Kg2 Qg4 31. f3 Rc2+ 32. R1d2 h3+ 33. Kf2 Qc8 34. Qe2 Rc4 35. Qe4 Rc1 36. Rxd4 Re8 37. Qd3 Rh1 38. g4 Qc1 39. Rd1 Qb2+ 40. Rd2 Rxh2+ 41. Kg3 Rxd2 42. Qxd2 Qxa3 43. Rd3 Qa1 44. Kxh3 Qf1+ 45. Kg3 Re2 46. Rd8+ Kh7 47. Qd3+ g6 48. f5 Qg1+ 49. Kf4 Qh2+ 50. Kg5 Qh6+ 51. Kf6 g5+ 0-1

[Event "Ctopor Equipos de Aragon  Preferente II "]
[Site "?"]
[Date "2026.02.14"]
[Round "4.67"]
[White "Moron Borraz, Javier"]
[Black "Abenia Porroche, Roberto"]
[Result "0-1"]
[WhiteElo "1000"]
[BlackElo "1812"]
[PlyCount "90"]
[GameId "2278988364408978"]
[EventDate "2026.01.24"]
[WhiteTeam "Actur Rey Fernando"]
[BlackTeam "Dr. Azua"]

1. e4 e5 2. Nf3 d6 3. d4 exd4 4. Nxd4 Nf6 5. Nc3 Be7 6. Bc4 c6 7. f3 O-O 8. O-O a5 9. a4 Nbd7 10. Nf5 Ne5 11. Nxe7+ Qxe7 12. Bb3 Be6 13. Bxe6 fxe6 14. Qe2 Ng6 15. b3 d5 16. Bb2 d4 17. Ba3 c5 18. Nb5 b6 19. Nxd4 Nf4 20. Qe3 N6h5 21. Ne2 Qg5 22. Nxf4 Nxf4 23. Kf2 Qxg2+ 24. Ke1 Qxc2 25. Rf2 Ng2+ 26. Rxg2 Qxg2 27. Qf2 Qh1+ 28. Qf1 Qxf1+ 29. Kxf1 Rxf3+ 30. Ke2 Rxb3 31. Bc1 Rf8 32. Ra2 Rh3 33. Ke1 Rff3 34. Rg2 Rh4 35. Bb2 Rxe4+ 36. Kd2 g6 37. Kc2 Rxa4 38. Rd2 Rc4+ 39. Kd1 a4 40. Rd8+ Kf7 41. Rd7+ Ke8 42. Rxh7 a3 43. Be5 Re4 44. Bh8 b5 45. Rc7 a2 0-1

[Event "Ctopor Equipos de Aragon  Preferente II "]
[Site "?"]
[Date "2026.02.14"]
[Round "4.68"]
[White "Caballero Ortin, Jorge"]
[Black "Portero Garnica, Miguel Angel"]
[Result "1/2-1/2"]
[WhiteElo "1908"]
[BlackElo "2012"]
[PlyCount "157"]
[GameId "2278988364417171"]
[EventDate "2026.01.24"]
[WhiteTeam "Palacio De Pioneros B"]
[BlackTeam "Marcos Frechin B"]

1. e4 e5 2. Nf3 Nc6 3. Nc3 Nf6 4. Bb5 Bb4 5. O-O O-O 6. Bxc6 dxc6 7. d3 Bxc3 8. bxc3 Qd6 9. a4 Bg4 10. h3 Bxf3 11. Qxf3 Nd7 12. g4 f6 13. Qg3 Rf7 14. Kh1 Qc5 15. Bd2 g5 16. Qe3 a5 17. c4 b6 18. Qxc5 Nxc5 19. Be3 Ne6 20. c5 Nxc5 21. Bxc5 bxc5 22. Rab1 Kf8 23. Rb7 Ke8 24. Rfb1 Kd7 25. Rb8 Rf8 26. R8b7 h6 27. Kg2 Rfc8 28. h4 Ke6 29. hxg5 fxg5 30. Rh1 Rh8 31. Kf3 Rh7 32. Ke3 Kd7 33. Kd2 c4 34. Kc3 cxd3 35. cxd3 Kc8 36. Rb3 Ra6 37. d4 exd4+ 38. Kxd4 Re7 39. f3 Re6 40. Rhb1 Kd7 41. Rb8 Rd6+ 42. Ke5 c5 43. Rf8 Re6+ 44. Kf5 Ke7 45. Rh8 Rf6+ 46. Ke5 Rab6 47. Rh7+ Rf7 48. Rxf7+ Kxf7 49. Rc1 Ke7 50. Rxc5 Kd7 51. Rxa5 Rb3 52. f4 Rg3 53. Kf5 Rf3 54. Kg6 Rxf4 55. Kxh6 Rxg4 56. e5 Rg1 57. Rd5+ Kc6 58. Rd2 Re1 59. Kxg5 Rxe5+ 60. Kf4 Re7 61. Rb2 Kc5 62. a5 c6 63. a6 Ra7 64. Ra2 Kb6 65. Ke4 Rxa6 66. Rb2+ Kc5 67. Kd3 Ra3+ 68. Kd2 Kc4 69. Rc2+ Kd5 70. Rb2 c5 71. Rb8 Kc4 72. Rc8 Ra2+ 73. Kc1 Re2 74. Rc7 Kd4 75. Rc8 c4 76. Rc7 Kc3 77. Kd1 Rd2+ 78. Kc1 Rc2+ 79. Kd1 1/2-1/2

[Event "Ctopor Equipos de Aragon  Preferente II "]
[Site "?"]
[Date "2026.02.14"]
[Round "4.69"]
[White "Perez Tomas, Juan Manuel"]
[Black "Crespo Laborda, Alberto"]
[Result "0-1"]
[WhiteElo "2001"]
[BlackElo "1898"]
[PlyCount "76"]
[GameId "2278988364421268"]
[EventDate "2026.01.24"]
[WhiteTeam "Marcos Frechin B"]
[BlackTeam "Palacio De Pioneros B"]

1. e4 c5 2. Nf3 d6 3. Bb5+ Nd7 4. c3 a6 5. Ba4 b5 6. Bc2 Bb7 7. O-O Ngf6 8. Re1 Qc7 9. a4 g6 10. axb5 axb5 11. Rxa8+ Bxa8 12. Na3 Bc6 13. Qe2 c4 14. e5 dxe5 15. Nxe5 Nxe5 16. Qxe5 Qxe5 17. Rxe5 Nd7 18. Rxb5 Bxb5 19. Nxb5 Nc5 20. Kf1 Bh6 21. d4 cxd3 22. Bxh6 dxc2 23. Nd4 Nd3 24. Nxc2 Nxb2 25. Ne3 f6 26. h4 Kf7 27. Bf4 e5 28. Bg3 Rc8 29. c4 Nxc4 30. Nd5 Nd2+ 31. Ke2 Ne4 32. Bh2 Nc3+ 33. Nxc3 Rxc3 34. Kd2 Rc4 35. Bg3 Rg4 36. Kd3 Ke6 37. Ke3 f5 38. Kf3 Kd5 0-1

[Event "Ctopor Equipos de Aragon  Preferente II "]
[Site "?"]
[Date "2026.02.14"]
[Round "4.70"]
[White "Iglesias Fernandez, Luis"]
[Black "Jario Dominguez, Diego"]
[Result "0-1"]
[WhiteElo "1807"]
[BlackElo "1956"]
[PlyCount "122"]
[GameId "2278988364429461"]
[EventDate "2026.01.24"]
[WhiteTeam "Palacio De Pioneros B"]
[BlackTeam "Marcos Frechin B"]

1. d4 d5 2. Nf3 e6 3. e3 Nf6 4. Bd3 Bd6 5. Nbd2 b6 6. O-O Bb7 7. b3 O-O 8. Bb2 c5 9. Ne5 Ne4 10. Nxe4 dxe4 11. Bc4 Bxe5 12. dxe5 Qg5 13. h3 Ba6 14. Bxa6 Nxa6 15. Qe2 Nb4 16. Rfd1 Nc6 17. Qg4 Qxg4 18. hxg4 Nb4 19. a3 Nd5 20. c4 Ne7 21. Rd7 Nc6 22. Rad1 Rfd8 23. Rxd8+ Rxd8 24. Rxd8+ Nxd8 25. Kh2 Nc6 26. Bc3 g5 27. Kg3 Kf8 28. f4 h6 29. Kf2 Ke7 30. Ke2 a6 31. Kd2 Kd7 32. b4 cxb4 33. axb4 b5 34. cxb5 axb5 35. Kc2 Ne7 36. fxg5 hxg5 37. Bd4 Ng6 38. Kc3 Kc6 39. g3 Kd5 40. Bb6 Nxe5 41. Bd8 Nxg4 42. Bxg5 f6 43. Bh4 Ke5 44. Kd2 Kf5 45. Ke2 Ne5 46. Kd1 Nd3 47. g4+ Kg6 48. Kc2 Nxb4+ 49. Kc3 Nd5+ 50. Kd4 b4 51. Kxe4 b3 52. Kd3 Nxe3 53. Kc3 Nxg4 54. Kxb3 Kf5 55. Kc2 Ke4 56. Kd2 Kf3 57. Ke1 e5 58. Kf1 e4 59. Be1 e3 60. Bc3 e2+ 61. Ke1 Ne3 0-1

[Event "Ctopor Equipos de Aragon  Preferente II "]
[Site "?"]
[Date "2026.02.14"]
[Round "4.71"]
[White "Jario Garcia, Ricardo"]
[Black "Gonzalez Romea, Edgar"]
[Result "1-0"]
[WhiteElo "1956"]
[BlackElo "1793"]
[PlyCount "69"]
[GameId "2278988364437654"]
[EventDate "2026.01.24"]
[WhiteTeam "Marcos Frechin B"]
[BlackTeam "Palacio De Pioneros B"]

1. d4 Nf6 2. Bg5 e6 3. e4 h6 4. Bxf6 Qxf6 5. Nc3 Bb4 6. Qd3 Nc6 7. O-O-O d6 8. f3 Bd7 9. Nge2 g5 10. Kb1 Ba5 11. a3 a6 12. g3 O-O-O 13. Bg2 Bb6 14. Rhf1 Qg7 15. Na2 e5 16. d5 Ne7 17. Nb4 f5 18. Bh3 g4 19. fxg4 fxg4 20. Bg2 Rhf8 21. Nc1 Qg5 22. Rxf8 Rxf8 23. Rf1 Rf2 24. Rxf2 Bxf2 25. Qf1 Qe3 26. Nbd3 Ng6 27. Qxf2 Qg5 28. Bf1 h5 29. Ne1 Kb8 30. Ng2 b5 31. Nd3 c5 32. dxc6 Bxc6 33. Qb6+ Bb7 34. Qxd6+ Ka7 35. Nc5 1-0

[Event "Cto por Equipos de Aragon Division de Ho"]
[Site "?"]
[Date "2026.02.21"]
[Round "5.1"]
[White "Cifuentes Parada, Roberto"]
[Black "Garza Marco, Sergio"]
[Result "1-0"]
[WhiteElo "2380"]
[BlackElo "2381"]
[PlyCount "91"]
[GameId "2282252578320812"]
[EventDate "2026.01.24"]
[WhiteTeam "Jaque - Aramovil"]
[BlackTeam "Helios"]

{[%evp 0,91,25,23,23,27,42,38,27,14,14,13,36,36,28,24,54,22,65,65,107,102,97,33,87,56,56,75,93,88,108,100,89,92,138,113,112,111,111,112,108,125,120,120,130,100,102,107,115,111,129,134,139,115,149,135,140,141,147,134,128,165,165,145,153,119,157,152,177,160,172,172,220,220,228,242,249,207,239,247,251,254,295,302,317,343,350,439,520,548,563,537,563,571]} 1. d4 Nf6 2. Nf3 b6 3. e3 e6 4. Bd3 d5 5. O-O c5 6. c4 Be7 7. Nc3 cxd4 8. exd4 O-O 9. cxd5 Nxd5 10. Nxd5 exd5 11. Ne5 Bf6 12. Bf4 Ba6 13. Rc1 Bxd3 14. Qxd3 Re8 15. Rfe1 Bxe5 16. dxe5 Qd7 17. Red1 Nc6 18. Qxd5 Qxd5 19. Rxd5 Ne7 20. Rd7 Ng6 21. g3 Nf8 22. Rb7 Ne6 23. b4 h5 24. Kg2 Red8 25. Be3 Rd3 26. Rc2 g5 27. Rd2 Rxd2 28. Bxd2 Kg7 29. Kf3 Kg6 30. Ke4 g4 31. Be3 Rc8 32. a3 Ra8 33. Rd7 Nf8 34. Re7 Ne6 35. Kd5 Rd8+ 36. Kc6 Rc8+ 37. Kb7 Rc3 38. Kxa7 b5 39. Kb6 Rxa3 40. Kxb5 Ra1 41. Kc4 Rh1 42. b5 Ng7 43. b6 Nf5 44. b7 Rb1 45. Rd7 Nxe3+ 46. fxe3 1-0

[Event "Cto por Equipos de Aragon Division de Ho"]
[Site "?"]
[Date "2026.02.21"]
[Round "5.2"]
[White "Torcal Miguel, Oscar"]
[Black "Escartin Lacasa, Jose"]
[Result "0-1"]
[WhiteElo "2133"]
[BlackElo "2292"]
[PlyCount "64"]
[GameId "2282252578320813"]
[EventDate "2026.01.24"]
[WhiteTeam "Helios"]
[BlackTeam "Jaque - Aramovil"]

{[%evp 0,16,31,-8,20,-8,21,15,11,5,1,-3,31,1,-3,-7,12,1,-9]} 1. c4 c5 2. g3 g6 3. Bg2 Bg7 4. Nc3 Nc6 5. a3 b6 6. Rb1 Bb7 7. d3 e6 8. Bd2 Nge7 9. b4 d6 10. h4 h6 11. Qc1 Qd7 12. Nh3 Nxb4 13. Bxb7 Qxb7 14. O-O Nbc6 15. Ne4 Rd8 16. Bc3 e5 17. Bd2 Nf5 18. Kh2 Ncd4 19. Re1 O-O 20. h5 gxh5 21. Qd1 d5 22. cxd5 Qxd5 23. e3 Ne6 24. Qxh5 Ne7 25. Qh4 Qxd3 26. Qxe7 Qxe4 27. Bc3 Rd3 28. Bb2 Rd2 29. Bc3 Ng5 30. Qxg5 hxg5 31. Bxd2 Rd8 32. Nxg5 Qf5 0-1

[Event "Cto por Equipos de Aragon Division de Ho"]
[Site "?"]
[Date "2026.02.21"]
[Round "5.3"]
[White "Calvo Simon, Jorge"]
[Black "Cerrajeria Ruiz, Jesus Maria"]
[Result "1-0"]
[WhiteElo "2178"]
[BlackElo "2096"]
[PlyCount "87"]
[GameId "2282252578320814"]
[EventDate "2026.01.24"]
[WhiteTeam "Jaque - Aramovil"]
[BlackTeam "Helios"]

{[%evp 0,54,25,-19,-13,-42,14,6,1,-61,-41,-32,-27,-28,-10,-59,-12,-3,11,-23,-13,-14,-38,-19,-8,-21,-20,-38,-43,-41,15,6,27,12,79,67,46,42,55,37,132,129,130,130,108,99,129,130,139,139,127,138,154,74,184,188,173]} 1. c4 Nf6 2. g3 c6 3. Bg2 d5 4. b3 dxc4 5. bxc4 Qd4 6. Nc3 Ng4 7. Nh3 Ne5 8. O-O g6 9. Qc2 Bg7 10. Ng5 h6 11. Nf3 Nxf3+ 12. Bxf3 Qxc4 13. Bb2 Bh3 14. Rfb1 O-O 15. d3 Qa6 16. Ne4 Bxb2 17. Qxb2 b6 18. Qe5 Qb7 19. g4 Qd7 20. Qg3 f5 21. Qxh3 fxe4 22. Bxe4 Kg7 23. Qg2 Rf4 24. h3 Rf6 25. Rc1 a5 26. Rab1 Ra6 27. d4 b5 28. e3 Rb6 29. Rc5 Na6 30. g5 hxg5 31. Rxg5 c5 32. dxc5 Rbe6 33. h4 Qd2 34. h5 Qxa2 35. Rxg6+ Rxg6 36. Bxg6 Kh6 37. Rxb5 Re5 38. Rb6 Re6 39. Qg4 Nxc5 40. Qf4+ Kg7 41. Qd4+ Kh6 42. f4 Rxg6+ 43. Rxg6+ Kxh5 44. Rg5+ 1-0

[Event "Cto por Equipos de Aragon Division de Ho"]
[Site "?"]
[Date "2026.02.21"]
[Round "5.4"]
[White "Carraminana Lopez, Luis Antonio"]
[Black "Ereza Vizcarra, Fernando"]
[Result "0-1"]
[WhiteElo "1913"]
[BlackElo "2151"]
[PlyCount "74"]
[GameId "2282252578320815"]
[EventDate "2026.01.24"]
[WhiteTeam "Helios"]
[BlackTeam "Jaque - Aramovil"]

1. e4 c5 2. Nf3 e6 3. d3 Nc6 4. g3 g6 5. Bg2 Bg7 6. O-O Nge7 7. c3 d5 8. Qe2 d4 9. e5 Qc7 10. Re1 O-O 11. c4 Rb8 12. Bf4 b5 13. Nbd2 bxc4 14. Nxc4 Nd5 15. Bd2 Ncb4 16. Rec1 Ba6 17. b3 Nc6 18. h4 Ndb4 19. Bf4 Nd5 20. Bd2 Bxc4 21. Rxc4 Nxe5 22. Nxe5 Bxe5 23. Rxc5 Qxc5 24. Qxe5 Rfe8 25. Bh3 Qe7 26. Re1 Qf6 27. Qd6 Red8 28. Qa6 Qe7 29. Bg5 Rd6 30. Qc4 f6 31. Bc1 Nb6 32. Rxe6 Qf7 33. Rxd6 Nxc4 34. dxc4 Qe7 35. Be6+ Kh8 36. Ba3 d3 37. Rb6 Rxb6 0-1

[Event "Cto por Equipos de Aragon Division de Ho"]
[Site "?"]
[Date "2026.02.21"]
[Round "5.5"]
[White "Llorente Zaro, Alfonso"]
[Black "Lorente Melcon, Maximo"]
[Result "1/2-1/2"]
[WhiteElo "2427"]
[BlackElo "2301"]
[PlyCount "105"]
[GameId "2282252578320816"]
[EventDate "2026.01.24"]
[WhiteTeam "Agrupacion"]
[BlackTeam "MyInvestor Casablanca B"]

1. e4 c6 2. d4 d5 3. e5 c5 4. dxc5 Nc6 5. f4 e6 6. Be3 Nge7 7. c3 Nf5 8. Bf2 Be7 9. Bd3 Nh6 10. Nd2 O-O 11. Qh5 f5 12. Qe2 g5 13. fxg5 Nf7 14. Ngf3 Qc7 15. Bd4 Bxg5 16. Nxg5 Nxg5 17. O-O Bd7 18. Qh5 Ne4 19. Nxe4 dxe4 20. Bc4 Ne7 21. Qg5+ Kf7 22. Qh6 Qc6 23. b4 b5 24. Be2 Kg8 25. a4 a6 26. c4 bxa4 27. b5 axb5 28. cxb5 Qd5 29. Rfd1 Rf7 30. Rac1 f4 31. Bc4 Qb7 32. c6 Nxc6 33. bxc6 Qxc6 34. Ba2 Qa6 35. Bc4 Qc6 36. Ba2 Qa6 37. Bf2 e3 38. Bh4 Rc8 39. Bf6 e2 40. Rxc8+ Qxc8 41. Rb1 Qc2 42. Qh4 a3 43. h3 h6 44. Rb8+ Bc8 45. Qe1 Qxa2 46. Rxc8+ Kh7 47. Rh8+ Kg6 48. g4 Rd7 49. Rxh6+ Kf7 50. Rh7+ Ke8 51. Rh8+ Kf7 52. Rh7+ Ke8 53. Rh8+ 1/2-1/2

[Event "Cto por Equipos de Aragon Division de Ho"]
[Site "?"]
[Date "2026.02.21"]
[Round "5.6"]
[White "Conon, Catalin"]
[Black "Remiro Juste, Fernando Jose"]
[Result "1/2-1/2"]
[WhiteElo "2214"]
[BlackElo "2208"]
[PlyCount "64"]
[GameId "2282252578320817"]
[EventDate "2026.01.24"]
[WhiteTeam "MyInvestor Casablanca B"]
[BlackTeam "Agrupacion"]

1. c4 e6 2. Nf3 d5 3. g3 dxc4 4. Qa4+ Nd7 5. Qxc4 a6 6. Qc2 b5 7. Bg2 Bb7 8. O-O c5 9. a4 Ngf6 10. Nc3 b4 11. Nd1 Be7 12. d3 O-O 13. b3 Rc8 14. Bb2 Nd5 15. e4 N5b6 16. Ne3 a5 17. Nd2 Nb8 18. Ndc4 Nc6 19. f4 Nd4 20. Qd1 Nd7 21. f5 e5 22. Bh3 f6 23. g4 Ra8 24. Bg2 Nb6 25. Nxb6 Qxb6 26. Nc4 Qc7 27. Bxd4 exd4 28. Qe1 Rae8 29. Qg3 Qxg3 30. hxg3 Ba6 31. Rac1 Bxc4 32. Rxc4 Bd6 1/2-1/2

[Event "Cto por Equipos de Aragon Division de Ho"]
[Site "?"]
[Date "2026.02.21"]
[Round "5.7"]
[White "Roque Sola, Jose Luis"]
[Black "Jaime Galeano, Alcher"]
[Result "1/2-1/2"]
[WhiteElo "2125"]
[BlackElo "2081"]
[PlyCount "82"]
[GameId "2282252578320818"]
[EventDate "2026.01.24"]
[WhiteTeam "Agrupacion"]
[BlackTeam "MyInvestor Casablanca B"]

1. e4 e5 2. Nf3 Nc6 3. Bb5 a6 4. Ba4 Nf6 5. O-O Bc5 6. c3 b5 7. Bb3 d6 8. d4 Bb6 9. a4 Rb8 10. Qd3 O-O 11. Bg5 h6 12. Bxf6 Qxf6 13. axb5 axb5 14. Qxb5 Bb7 15. d5 Ne7 16. Qd3 Ng6 17. g3 Bc8 18. Nbd2 Bh3 19. Rfe1 Qe7 20. Bd1 f5 21. Ra4 f4 22. Nc4 fxg3 23. hxg3 Rf6 24. Nxb6 cxb6 25. Nh2 Nf4 26. Qa6 b5 27. Ra2 Nd3 28. Re3 Nxf2 29. Bf3 Rbf8 30. Kxf2 g5 31. Ke2 h5 32. Kd3 g4 33. Bd1 Rf2 34. b3 Qf6 35. Rd2 b4 36. cxb4 Rxh2 37. Rxh2 Qf1+ 38. Be2 Qb1+ 39. Kd2 Qb2+ 40. Kd1 Qb1+ 41. Kd2 Qb2+ 1/2-1/2